| 000 | 00509nam a22001931c 4500 | ||
|---|---|---|---|
| 001 | a987678127 | ||
| 008 | 161118s2010 gw |||| 000u rus d | ||
| 041 | _arus | ||
| 100 | 1 | _aShevzov, Vera | |
| 240 | 1 | 0 | _aRussian Orthodoxy on the eve of revolution |
| 245 | 0 | 0 | _aPravoslavie v Rossii nakanune 1917 g. |
| 264 |
_aSankt-Peterburg : _bDmitrij Bulanin, _c2010 |
||
| 300 | _a488 S. | ||
| 650 | 0 | _aOrthodoxe Kirche | |
| 651 | 0 | _aRussland | |
| 942 | _cMG | ||
| 040 | _cRU-10907106 | ||
| 003 | RU-10907106 | ||
| 999 |
_c36743 _d36743 |
||